| 000 | 00368nam a2200145 a 4500 | ||
|---|---|---|---|
| 001 | 1094 | ||
| 003 | CDMR | ||
| 005 | 20130116135200.0 | ||
| 008 | 130130s1994||||||||||||||||||||||||||||d | ||
| 040 |
_aCDMR _bcat _cCDMR |
||
| 100 | 1 |
_aCuesta, Adolfo _9863 |
|
| 245 | 1 | 3 |
_aEl sur desde el norte _bRostros y paisajes _cCUESTA, Adolfo |
| 260 |
_aMadrid _c1994 _bTalasa |
||
| 942 | _cMON | ||
| 999 |
_c1094 _d1094 |
||